Biblioteca y Centro de Documentación

Dictamen 10-2013, sobre el Proyecto de Real Decreto por el que se modifica el Real Decreto 1837/2008, de 8 de noviembre, por el que se incorporan al ordenamiento jurídico español la Directiva 2005/36/CE, del Parlamento Europeo y del Consejo, de 7 de septiembre de 2005, y la Directiva 2006/100/CE, del Consejo, de 20 de noviembre, relativas al reconocimiento de cualificaciones profesionales, así como a a determinados aspectos del ejercicio de la profesión de abogado (Registro nro. 44343)

Detalles MARC
000 -CABECERA
Longitud fija campo de control 01652nam a2200337 i 4500
001 - NÚMERO DE CONTROL
Número de control 44343
003 - IDENTIFICADOR DE NÚMERO DE CONTROL
Identificador del número de control ES-MaCES
005 - FECHA Y HORA DE LA ÚLTIMA TRANSACCIÓN
Fecha y hora de la última transacción 20210721182334.0
007 - PHYSICAL DESCRIPTION FIXED FIELD--GENERAL INFORMAT
Campo fijo de descripción física cr |||||||||||
008 - CAMPO FIJO DE DESCRIPCIÓN FIJA--INFORMACIÓN GENERAL
Códigos de información de longitud fija   130403s2013 sp |||||||||||00||0 spa|d
040 ## - FUENTE DE CATALOGACIÓN
Centro catalogador de origen ES-MaCES
Lengua de catalogación spa
Centro transcriptor ES-MaCES
245 00 - MENCIÓN DE TÍTULO
Título Dictamen 10-2013, sobre el Proyecto de Real Decreto por el que se modifica el Real Decreto 1837/2008, de 8 de noviembre, por el que se incorporan al ordenamiento jurídico español la Directiva 2005/36/CE, del Parlamento Europeo y del Consejo, de 7 de septiembre de 2005, y la Directiva 2006/100/CE, del Consejo, de 20 de noviembre, relativas al reconocimiento de cualificaciones profesionales, así como a a determinados aspectos del ejercicio de la profesión de abogado
300 ## - DESCRIPCIÓN FÍSICA
Extensión 5 p. (80 kb)
593 ## - CES. DATOS DICTAMEN
Comisión de trabajo Salud, Consumo, Asuntos Sociales, Educación y Cultura
Identificador D-010-2013
Fecha dictamen 20131127
Tipo trámite Ordinaria
Votos aprobados Presentes 46: 45 sí, 0 no, 1 abst.
Tipo sesión Pleno ordinario
650 #4 - ASIENTO SECUNDARIO DE MATERIA--TÉRMINO DE MATERIA
Término de materia o nombre geográfico como elemento inicial calificación profesional
9 (RLIN) 28319
650 #4 - ASIENTO SECUNDARIO DE MATERIA--TÉRMINO DE MATERIA
Término de materia o nombre geográfico como elemento inicial certificación ocupacional
9 (RLIN) 29930
650 #4 - ASIENTO SECUNDARIO DE MATERIA--TÉRMINO DE MATERIA
Término de materia o nombre geográfico como elemento inicial equivalencia de certificados
9 (RLIN) 29943
650 #4 - ASIENTO SECUNDARIO DE MATERIA--TÉRMINO DE MATERIA
Término de materia o nombre geográfico como elemento inicial abogado
9 (RLIN) 28486
650 #4 - ASIENTO SECUNDARIO DE MATERIA--TÉRMINO DE MATERIA
Término de materia o nombre geográfico como elemento inicial Directiva de la CE
9 (RLIN) 29873
650 #4 - ASIENTO SECUNDARIO DE MATERIA--TÉRMINO DE MATERIA
Término de materia o nombre geográfico como elemento inicial derecho comunitario
9 (RLIN) 29866
650 #4 - ASIENTO SECUNDARIO DE MATERIA--TÉRMINO DE MATERIA
Término de materia o nombre geográfico como elemento inicial armonización
9 (RLIN) 29884
650 #4 - ASIENTO SECUNDARIO DE MATERIA--TÉRMINO DE MATERIA
Término de materia o nombre geográfico como elemento inicial España
9 (RLIN) 26964
650 #4 - ASIENTO SECUNDARIO DE MATERIA--TÉRMINO DE MATERIA
Término de materia o nombre geográfico como elemento inicial régimen jurídico
9 (RLIN) 29894
653 10 - TÉRMINO DE INDEXACIÓN--NO CONTROLADO
Término no controlado Empleo
650 #4 - ASIENTO SECUNDARIO DE MATERIA--TÉRMINO DE MATERIA
9 (RLIN) 28420
Término de materia o nombre geográfico como elemento inicial trabajador profesional
700 1# - ENCABEZAMIENTO SECUNDARIO--NOMBRE PERSONAL
9 (RLIN) 11755
Nombre de persona Fernández Alen, Pedro C.
Término indicativo de función interviniente
710 1# - ENCABEZAMIENTO SECUNDARIO--NOMBRE CORPORATIVO
Nombre de entidad o nombre de jurisdicción como elemento inicial España
Término indicativo de función solicitante
9 (RLIN) 3239
Unidad subordinada Ministerio de Educación, Cultura y Deporte
856 4# - ACCESO ELECTRÓNICO
Identificador Uniforme del Recurso (URI) <a href="http://www.ces.es/documents/DIC/2013/10">http://www.ces.es/documents/DIC/2013/10</a>
Texto del enlace texto completo
902 ## - CES. TIPO DE DOCUMENTO
Tipodoc (006$c Sirtex) Dictamen CES
942 ## - ELEMENTOS KOHA
Fuente de clasificaión o esquema Clasificación propia del CES
Koha [por defecto] tipo de item Dictámenes/Informes/Memorias CES
Parte de clasificación Empleo

No hay ítems disponibles.

© CES, Consejo Económico y Social de España 2021